Torschützenliste der La Liga 2018-2019 - Statistiken

Allgemein
  • Dieses Quiz wurde 30 mal gespielt
  • Das Durchschnittsergebnis liegt bei 6 aus 12
Antwortstatistiken
Tore Nationalität Verein Spieler % Korrekt
21 Frankreich Real Madrid Karim Benzema
100%
36 Argentinien FC Barcelona Lionel Messi
100%
21 Uruguay FC Barcelona Luis Suárez
100%
15 Frankreich Atlético Madrid Antoine Griezmann
93%
20 Spanien Celta Vigo Iago Aspas
70%
19 Uruguay FC Girona Cristhian Stuani
56%
18 Frankreich FC Sevilla Wissam Ben Yedder
41%
17 Spanien Espanyol Barcelona Borja Iglesias
19%
14 Spanien Rayo Vallecano Raúl de Tomás
11%
14 Spanien FC Getafe Jorge Molina
7%
14 Brasilien SD Eibar Charles
0%
14 Spanien FC Getafe Jaime Mata
0%
Keine übereinstimmenden Quizze gefunden
Verteilung der Resultate
Anzahl Personen mit jedem Resultat
Perzentil nach korrekt beantworteten Fragen
Ihre Resultats-Entwicklung
Sie haben dieses Quiz noch nicht gespielt